| 000 | 00436nam a22001817a 4500 | ||
|---|---|---|---|
| 005 | 20240226054337.0 | ||
| 008 | 240226b |||||||| |||| 00| 0 eng d | ||
| 020 | _a1854891081. | ||
| 020 | _a185489109x | ||
| 082 |
_222 _a321,03 _bTHE. |
||
| 245 | _aThe Future of History. | ||
| 260 |
_aLondon : _bRivers oram press / _c1999. |
||
| 300 | _a103 p., | ||
| 650 | _aHistory | ||
| 650 | _aCulture | ||
| 700 | _aThompson, Wille. | ||
| 942 | _cL | ||
| 999 |
_c489 _d489 |
||